Normal view
MARC view
- تأليف عبد الواحد، عهود
Entry Personal Name
001 - CONTROL NUMBER
- control field: 42543
003 - CONTROL NUMBER IDENTIFIER
- control field: JO-AjAnu
005 - DATE AND TIME OF LATEST TRANSACTION
- control field: 20230606081046.0
008 - FIXED-LENGTH DATA ELEMENTS
- fixed length control field: 230606|| aca||aabn | a|a d
040 ## - CATALOGING SOURCE
- Original cataloging agency: JO-AjAnu
- Transcribing agency: JO-AjAnu
100 ## - HEADING--PERSONAL NAME
- Personal name: تأليف عبد الواحد، عهود
670 ## - SOURCE DATA FOUND
- Source citation: Work cat.: (JO-AjAnu)21792: تأليف عبد الواحد، عهود, author, السور المدنية: دراسة بلاغية وأسلوبية